000 00935nam0a22002291i 4500
001 rc\541210
005 20240725234324.0
035 _a(NLR Aleph) 005778084
090 _a5093193
_c5093193
100 _a20030616d1988 u |0rusy50 ca
101 0 _arus
102 _aRU
105 _aa |||||||||
200 1 _aОрганизация воздушного режима многоэтажных общественных зданий
_e(На прим. адм. зданий)
_eАвтореф. дис. на соиск. учен. степ. канд. техн. наук
_e(05.23.03)
_fМоск. инж.-строит. ин-т им. В.В. Куйбышева
210 _aМ.
_d1988
215 _a20 с.
_cграф.
320 _aБиблиогр.: с. 19-20 (6 назв.)
700 1 _aТребуков
_bС.С.
_gСемен Сильвинович
801 0 _aRU
_bNLR
_gpsbo
801 1 _aRU
_bELAR
_2rusmarc
852 _aNLR
_jА88/7527
942 _cBOOK